000
00322nam a22001577a 4500
003
SGT
020
_a
978-1-444-11795-0
082
_a
617.51
_b
E11C
100
_a
CORBRIDGE, ROGAN
245
_a
ESSENTIALS ENT
250
_a
2ND
260
_a
LONDON
_b
CRC
_c
2011
300
_a
194
650
_a
ENT
942
_2
ddc
_c
BK
999
_c
15435
_d
15435